000 01500nam a22002657a 4500
003 GR-AtMCL
005 20251126114412.0
006 a|||||r|||||||||||
008 t20202020enka b 001 0beng d
020 _a9781787393776
040 _aGR-AtMCL
_beng
_dGR-AtMCL
_eAACR2
100 _aHomer, Karen
_910161
245 1 0 _aLittle book of Dior :
_bthe story of the iconic fashion house /
_cKaren Homer.
264 1 _aLondon :
_bWelbeck,
_c2020.
300 _a160 p. :
_bill. ;
_c19 cm
490 0 _aLittle guides to style collection
504 _aIncludes bibliographical references and index.
520 _aChristian Dior's spectacular rise to the upper echelons of the Parisian fashion world is one of the most compelling stories of twentieth-century fashion. Dior's debut collection in 1947 invented the New Look silhouette and revolutionized the way women dressed, shopped and saw themselves. Recounting Christian Dior's early life, the brand's inception, the triumphs of the couture collections on the catwalk and the red carpet, and the fashion house's evolution under Christian Dior's creative direction successors - Yves Saint Laurent, Marc Bohan, Gianfranco Ferre, John Galliano, Bill Gaytten, Raf Simons and Maria Grazia Chiuri - Little Book of Dior is a stylish gift for any lover of fashion.
600 1 0 _aDior, Christian.
650 0 _aFashion design
_zFrance
_xHistory.
650 0 _aFashion design
_910081
650 0 _aFashion
_99926
942 _cBK
999 _c9964
_d9964